Carregando...

Smruthi Chithrangal

Detalhes bibliográficos
Autor principal: C.Achuthamenon
Formato: Printed Book
Idioma:Malayalam
Publicado em: Kozhikode Pappiyon 2004
LEADER 00419nam a2200109Ia 4500
008 111205s9999 xx 000 0 mal d
100 |a C.Achuthamenon 
245 |a Smruthi Chithrangal  |c C.Achuthamenon 
260 |b Pappiyon  |a Kozhikode  |c 2004 
942 |c BK 
999 |c 227262  |d 227262 
952 |0 0  |1 0  |2 ddc  |4 0  |6 923_000000000000000_1A_SUR_C  |7 0  |9 250911  |a MAL  |b MAL  |c ST1  |d 1975-11-25  |g 0.00  |l 0  |o 923.1A SUR/C  |p MAL28596  |r 2011-12-05  |v 40.00  |w 2011-12-05  |y BK